[Event "FRA T I 120102011"]
[Site "FRA"]
[Date "2010.12.11"]
[Round "4.1"]
[White "Monroy, Charles"]
[Black "Pham Minh Hoang"]
[Result "1/2-1/2"]
[WhiteElo "2436"]
[BlackElo "2466"]
[PlyCount "113"]
[EventDate "2010.10.17"]
[EventType "team-match"]
[EventRounds "9"]
[EventCountry "FRA"]
[Source "FFE"]
[SourceDate "2010.10.29"]
[WhiteTeam "Rennes"]
[BlackTeam "Sautron"]
[BlackTeamCountry "FRA"]

1. Nf3 Nf6 2. c4 g6 3. Nc3 Bg7 4. e4 d6 5. d4 O-O 6. Be2 e5 7. O-O Nc6 8. d5
Ne7 9. Ne1 c6 10. Be3 cxd5 11. cxd5 Ne8 12. a4 f5 13. f3 fxe4 14. fxe4 Rxf1+
15. Bxf1 Nf6 16. Be2 Qf8 17. Kh1 Bh6 18. Bg1 Bd7 19. a5 a6 20. Nc2 Bf4 21. Ne3
Qh6 22. Ng4 Bxg4 23. Bxg4 Bd2 24. Ra4 Kh8 25. Rb4 Neg8 26. Bf3 Rb8 27. Rb6 Ne8
28. Qe2 Ngf6 29. Rb4 Nd7 30. Rc4 Bf4 31. Na4 Ndf6 32. Nb6 Bd2 33. Ra4 Rd8 34.
Nc4 Bf4 35. Rb4 Rd7 36. Rb3 Rc7 37. Rc3 Rf7 38. Nb6 Nc7 39. Bg4 Nb5 40. Rc8+
Kg7 41. Bh3 g5 42. Nc4 Nd4 43. Qd3 g4 44. Nxd6 Rd7 45. Bxd4 Rxd6 46. Bc5 gxh3
47. gxh3 Qg6 48. Bxd6 Nxe4 49. Bf8+ Kf7 50. Qc2 Kf6 51. d6 Nf2+ 52. Qxf2 Qb1+
53. Kg2 Qg6+ 54. Kf1 Qd3+ 55. Ke1 Qb1+ 56. Ke2 Qe4+ 57. Kf1 1/2-1/2

[Event "FRA T II 20102011"]
[Site "FRA"]
[Date "2010.10.17"]
[Round "1.6"]
[White "Viennot, Dylan"]
[Black "Engelmann, Herve"]
[Result "1-0"]
[WhiteElo "2024"]
[BlackElo "2037"]
[PlyCount "51"]
[EventDate "2010.11.13"]
[EventType "team-match"]
[EventRounds "9"]
[EventCountry "FRA"]
[Source "FFE"]
[SourceDate "2010.10.29"]
[BlackTeamCountry "FRA"]

1. e4 e5 2. Nf3 Nc6 3. Bb5 a6 4. Ba4 Nf6 5. d3 b5 6. Bb3 Bc5 7. O-O d6 8. c3
O-O 9. h3 Ba7 10. a4 b4 11. Re1 Be6 12. Nbd2 Rb8 13. Bc2 d5 14. Ng5 Nxe4 15.
dxe4 Qxg5 16. exd5 Bxd5 17. Ne4 Qd8 18. Ng5 f5 19. Bb3 Bxb3 20. Qxb3+ Kh8 21.
Nf7+ Rxf7 22. Qxf7 f4 23. Qc4 Rb6 24. a5 Nxa5 25. Rxa5 Rg6 26. Raxe5 1-0

[Event "FRA T II 20102011"]
[Site "FRA"]
[Date "2010.10.17"]
[Round "1.8"]
[White "Stauder, Zoe"]
[Black "Rasse, Charlotte"]
[Result "0-1"]
[WhiteElo "1220"]
[BlackElo "1899"]
[PlyCount "44"]
[EventDate "2010.11.13"]
[EventType "team-match"]
[EventRounds "9"]
[EventCountry "FRA"]
[Source "FFE"]
[SourceDate "2010.10.29"]
[BlackTeamCountry "FRA"]

1. e4 d5 2. Nc3 d4 3. Nd5 e5 4. Nf3 c6 5. Bc4 cxd5 6. Bxd5 Nf6 7. c4 Nxd5 8.
cxd5 Bd6 9. O-O O-O 10. d3 Bg4 11. h3 Bh5 12. Qb3 Bxf3 13. gxf3 Nd7 14. Qxb7
Nc5 15. Qc6 Nxd3 16. Kh1 f5 17. Rg1 Qh4 18. Rg3 f4 19. Rxg7+ Kxg7 20. Qd7+ Kh8
21. Bd2 Nxf2+ 22. Kh2 Qg3# 0-1

[Event "FRA T II 20102011"]
[Site "FRA"]
[Date "2010.10.17"]
[Round "1.6"]
[White "Rode, Antony"]
[Black "Civit, Pierre"]
[Result "1-0"]
[WhiteElo "2039"]
[BlackElo "1887"]
[PlyCount "37"]
[EventDate "2010.11.13"]
[EventType "team-match"]
[EventRounds "9"]
[EventCountry "FRA"]
[Source "FFE"]
[SourceDate "2010.10.29"]
[BlackTeamCountry "FRA"]

1. d4 Nf6 2. Nf3 c5 3. d5 b5 4. Bg5 Ne4 5. Qd3 Nxg5 6. Nxg5 e6 7. Nxf7 Kxf7 8.
dxe6+ Ke8 9. Qf3 Qf6 10. exd7+ Kxd7 11. Qd5+ Bd6 12. Nc3 Nc6 13. O-O-O Re8 14.
Nxb5 Re6 15. g3 Rb8 16. e3 Ke7 17. c3 Qe5 18. Nxd6 Qxd6 19. Qg5+ 1-0

[Event "FRA T II 20102011"]
[Site "FRA"]
[Date "2010.10.17"]
[Round "1.5"]
[White "Miletic, Branislav"]
[Black "Hertzog, Walter"]
[Result "1-0"]
[WhiteElo "1994"]
[BlackElo "1999"]
[PlyCount "45"]
[EventDate "2010.11.13"]
[EventType "team-match"]
[EventRounds "9"]
[EventCountry "FRA"]
[Source "FFE"]
[SourceDate "2010.10.29"]
[BlackTeamCountry "FRA"]

1. d4 d5 2. Nf3 Nf6 3. c4 c6 4. Nc3 e6 5. e3 Nbd7 6. Bd3 Bd6 7. O-O O-O 8. e4
dxe4 9. Nxe4 Nxe4 10. Bxe4 h6 11. Bd2 Nf6 12. Bc2 b6 13. Bc3 Bb7 14. Qe2 Qe7
15. a3 a5 16. Rfe1 Rfe8 17. Qd3 Rad8 18. Re2 Bc7 19. Rae1 Ba6 20. a4 Kf8 21. h3
c5 22. d5 Nxd5 23. Bxg7+ 1-0

[Event "FRA T II 20102011"]
[Site "FRA"]
[Date "2010.10.17"]
[Round "1.3"]
[White "Herbrechtsmeier, Christof"]
[Black "Grandadam, Nicolas"]
[Result "1/2-1/2"]
[WhiteElo "2288"]
[BlackElo "2245"]
[PlyCount "44"]
[EventDate "2010.11.13"]
[EventType "team-match"]
[EventRounds "9"]
[EventCountry "FRA"]
[Source "FFE"]
[SourceDate "2010.10.29"]
[BlackTeamCountry "FRA"]

1. e4 c5 2. Nf3 e6 3. d4 cxd4 4. Nxd4 a6 5. Nc3 Qc7 6. Be2 Nf6 7. O-O d6 8. f4
Nc6 9. Be3 Be7 10. Nxc6 bxc6 11. Bf3 O-O 12. Na4 Nd7 13. c4 c5 14. e5 Rb8 15.
exd6 Bxd6 16. Qd2 Nb6 17. Nxb6 Qxb6 18. Rad1 Rd8 19. b3 Bb7 20. Qf2 Bxf3 21.
Qxf3 Qc7 22. Rd2 e5 1/2-1/2

[Event "FRA T II 20102011"]
[Site "FRA"]
[Date "2010.11.13"]
[Round "2.1"]
[White "Stojanovic, Mihajio"]
[Black "Becking, Stephan"]
[Result "1-0"]
[WhiteElo "2582"]
[BlackElo "2405"]
[PlyCount "61"]
[EventDate "2010.11.13"]
[EventType "team-match"]
[EventRounds "9"]
[EventCountry "FRA"]
[Source "FFE"]
[SourceDate "2010.10.29"]
[BlackTeamCountry "FRA"]

1. Nf3 Nf6 2. c4 e6 3. Nc3 d5 4. d4 Be7 5. Bf4 O-O 6. e3 a6 7. cxd5 Nxd5 8.
Nxd5 exd5 9. Bd3 Nc6 10. h3 Bb4+ 11. Nd2 Bd6 12. Qf3 Ne7 13. O-O c6 14. Rac1
Bf5 15. Bxd6 Bxd3 16. Bxe7 Qxe7 17. Rfd1 Qb4 18. Rc3 Bc4 19. Nxc4 dxc4 20. Qe2
b5 21. Rdc1 c5 22. d5 Rad8 23. e4 Qa5 24. Rd1 Rfe8 25. e5 Qc7 26. f4 Qb7 27. d6
Qc6 28. Re3 f6 29. exf6 gxf6 30. Qg4+ Kh8 31. Qf5 1-0

[Event "FRA T II 20102011"]
[Site "FRA"]
[Date "2010.11.13"]
[Round "2.2"]
[White "Belkhodja, Slim"]
[Black "Grandadam, Nicolas"]
[Result "1-0"]
[WhiteElo "2448"]
[BlackElo "2271"]
[PlyCount "77"]
[EventDate "2010.11.13"]
[EventType "team-match"]
[EventRounds "9"]
[EventCountry "FRA"]
[Source "FFE"]
[SourceDate "2010.10.29"]
[BlackTeamCountry "FRA"]

1. e4 c5 2. Nf3 d6 3. Bb5+ Nd7 4. d4 Ngf6 5. O-O cxd4 6. Qxd4 a6 7. Bxd7+ Bxd7
8. Bg5 h6 9. Bxf6 gxf6 10. Nc3 e6 11. Rfe1 Be7 12. Qd3 Rc8 13. Nd4 Qa5 14. Re3
Rg8 15. Rae1 Kd8 16. g3 Qc5 17. Qd2 b5 18. a3 a5 19. Ncxb5 Bxb5 20. Qxa5+ Kd7
21. Nxb5 Ra8 22. Qb4 Qxb4 23. axb4 Ra4 24. c3 Ra2 25. R3e2 Rb8 26. Nd4 Bd8 27.
Kf1 Bb6 28. Nb3 Kc6 29. Rd1 h5 30. h4 Rg8 31. Nc1 Ra1 32. Red2 Bc7 33. Ne2 Ra2
34. Nf4 Rh8 35. Ke2 Kb7 36. Kd3 d5 37. exd5 Bxf4 38. gxf4 Rd8 39. Kc2 1-0

[Event "FRA T II 20102011"]
[Site "FRA"]
[Date "2010.11.13"]
[Round "2.4"]
[White "Manescu, Tiberiu"]
[Black "Stankovic, Zeljko"]
[Result "1/2-1/2"]
[WhiteElo "2396"]
[BlackElo "2177"]
[PlyCount "98"]
[EventDate "2010.11.13"]
[EventType "team-match"]
[EventRounds "9"]
[EventCountry "FRA"]
[Source "FFE"]
[SourceDate "2010.10.29"]
[BlackTeamCountry "FRA"]

1. e4 c5 2. Nc3 a6 3. g3 b5 4. Bg2 Bb7 5. d3 e6 6. Nh3 Nf6 7. f4 d5 8. e5 Nfd7
9. Nf2 Nc6 10. O-O Be7 11. Ne2 Qc7 12. c3 a5 13. d4 Nb6 14. g4 b4 15. Nd3 bxc3
16. bxc3 cxd4 17. cxd4 Ba6 18. f5 O-O 19. f6 gxf6 20. exf6 Bd6 21. Bh6 Nxd4 22.
Nxd4 Qc3 23. Nf2 Bxf1 24. Rc1 Be2 25. Nxe2 Qxf6 26. Bxf8 Kxf8 27. Qd4 Qxd4 28.
Nxd4 Bf4 29. Rc6 Rb8 30. Bf1 Nd7 31. Kg2 Ne5 32. Rc2 Be3 33. Nf3 Ng6 34. Nd3
Rb7 35. h4 Kg7 36. h5 Nf4+ 37. Nxf4 Bxf4 38. Bd3 Rb1 39. Be2 Ra1 40. Nd2 a4 41.
Bb5 a3 42. Ba4 Kf6 43. Nf3 h6 44. Kf2 Rb1 45. Bb3 Bc1 46. Nd2 Ra1 47. Nf3 Rb1
48. Rc8 Bf4 49. Rc2 Bc1 1/2-1/2

[Event "FRA T II 20102011"]
[Site "FRA"]
[Date "2010.11.13"]
[Round "2.5"]
[White "Aeschbacher, Johann"]
[Black "Mayer, Jean Marc"]
[Result "1/2-1/2"]
[WhiteElo "2061"]
[BlackElo "2209"]
[PlyCount "78"]
[EventDate "2010.11.13"]
[EventType "team-match"]
[EventRounds "9"]
[EventCountry "FRA"]
[Source "FFE"]
[SourceDate "2010.10.29"]
[BlackTeamCountry "FRA"]

1. d4 Nf6 2. Nf3 g6 3. g3 Bg7 4. Bg2 O-O 5. c4 c6 6. O-O d5 7. cxd5 cxd5 8. Nc3
Nc6 9. Ne5 Be6 10. Bg5 h6 11. Bxf6 Bxf6 12. Nxc6 bxc6 13. Na4 Rb8 14. Qd2 Bf5
15. f4 Qd6 16. e3 Rb5 17. Rac1 Rfb8 18. b3 Bg7 19. Rc3 Qb4 20. Qc1 Ra5 21. a3
Qb7 22. Nc5 Qc8 23. b4 Rab5 24. Nb3 Bd7 25. Na5 R8b6 26. Re1 Ra6 27. Bf1 Rbxa5
28. bxa5 Rxa5 29. Rc5 Qd8 30. Qc3 Ra4 31. Qb3 Ra5 32. Qb4 Rxc5 33. Qxc5 Qc7 34.
Qxe7 Bf8 35. Qe5 Bd6 36. Qf6 Be6 37. Bd3 Be7 38. Qe5 Bd6 39. Qf6 Be7 1/2-1/2

[Event "FRA T II 20102011"]
[Site "FRA"]
[Date "2010.11.13"]
[Round "2.7"]
[White "Griggio, Julie"]
[Black "Etienne, Eric"]
[Result "0-1"]
[WhiteElo "1789"]
[BlackElo "2075"]
[PlyCount "92"]
[EventDate "2010.11.13"]
[EventType "team-match"]
[EventRounds "9"]
[EventCountry "FRA"]
[Source "FFE"]
[SourceDate "2010.10.29"]
[BlackTeamCountry "FRA"]

1. e4 e6 2. d4 d5 3. e5 c5 4. c3 Qb6 5. Nf3 Nc6 6. a3 c4 7. Nbd2 Na5 8. Be2 Bd7
9. O-O Ne7 10. Rb1 h6 11. Ne1 Qc7 12. f4 Nf5 13. Rf3 g5 14. g4 Nh4 15. Rh3 Be7
16. fxg5 hxg5 17. Kh1 O-O-O 18. Ndf3 Nxf3 19. Rxh8 Rxh8 20. Nxf3 f6 21. Be3 Nc6
22. Qg1 fxe5 23. dxe5 Be8 24. Re1 Bg6 25. Bxg5 Be4 26. Bxe7 Nxe5 27. Qg3 Nxf3
28. Qxc7+ Kxc7 29. Bxf3 Bxf3+ 30. Kg1 Bxg4 31. Bf6 Rg8 32. h4 Bf3+ 33. Kf2 Be4
34. Be5+ Kc6 35. Rg1 Rxg1 36. Kxg1 Kb5 37. Bd4 b6 38. Be5 Ka4 39. Bb8 a6 40.
Ba7 b5 41. Kf2 Kb3 42. Bc5 Kxb2 43. Bb4 d4 44. cxd4 c3 45. Bxc3+ Kxc3 46. Ke3
Bh7 0-1

[Event "FRA T II 20102011"]
[Site "FRA"]
[Date "2010.11.13"]
[Round "2.8"]
[White "Mourot, Clara"]
[Black "Griggio, Jean Paul"]
[Result "1/2-1/2"]
[WhiteElo "2040"]
[BlackElo "1800"]
[PlyCount "120"]
[EventDate "2010.11.13"]
[EventType "team-match"]
[EventRounds "9"]
[EventCountry "FRA"]
[Source "FFE"]
[SourceDate "2010.10.29"]
[BlackTeamCountry "FRA"]

1. d4 c5 2. d5 d6 3. c4 b5 4. cxb5 a6 5. e4 axb5 6. Bxb5+ Bd7 7. Bxd7+ Nxd7 8.
Nc3 g6 9. f4 Bg7 10. Nf3 Ngf6 11. O-O O-O 12. Qe1 Ne8 13. Ng5 Nc7 14. e5 Nb6
15. e6 f5 16. Qh4 h5 17. Nf7 Qe8 18. Qg3 Rxf7 19. exf7+ Qxf7 20. Bd2 Nbxd5 21.
Nxd5 Nxd5 22. Qb3 Bd4+ 23. Kh1 Nf6 24. Qxf7+ Kxf7 25. Rfb1 Ne4 26. Be1 Ra4 27.
a3 c4 28. Ra2 Nc5 29. Bc3 Be3 30. g3 Nb3 31. Rd1 Bc5 32. h3 e6 33. Kg2 d5 34.
Be5 d4 35. Kf3 d3 36. g4 Nd4+ 37. Bxd4 Bxd4 38. Rd2 hxg4+ 39. hxg4 Bb6 40. Ra1
Ba5 41. Rh2 fxg4+ 42. Kxg4 Kf6 43. Rh8 Bd2 44. Rd1 Be3 45. Kf3 Bd4 46. Rb8 g5
47. fxg5+ Kxg5 48. Rd2 Kf6 49. Rd8 e5 50. Rh2 Ke7 51. Rg8 Kf7 52. Rc8 Kg6 53.
Rf8 Ra7 54. Rg2+ Kh7 55. Ke4 Rb7 56. Rf3 Kh8 57. Rh3+ Rh7 58. Rxh7+ Kxh7 59.
Kd5 Bxb2 60. Kxc4 Bxa3 1/2-1/2

[Event "FRA T II 20102011"]
[Site "FRA"]
[Date "2010.11.13"]
[Round "2.1"]
[White "Panzalovic, Srdjan"]
[Black "Solonar, Stefan"]
[Result "1/2-1/2"]
[WhiteElo "2463"]
[BlackElo "2317"]
[PlyCount "36"]
[EventDate "2010.11.13"]
[EventType "team-match"]
[EventRounds "9"]
[EventCountry "FRA"]
[Source "FFE"]
[SourceDate "2010.10.29"]
[BlackTeamCountry "FRA"]

1. Nf3 Nf6 2. c4 d6 3. d4 g6 4. Nc3 Bg7 5. e4 O-O 6. Be2 Nbd7 7. O-O e5 8. Qc2
Nh5 9. Rd1 Nf4 10. Bf1 h5 11. d5 Nb6 12. Re1 Bg4 13. Nd2 Bd7 14. Rb1 a5 15. b3
f5 16. a3 Nc8 17. b4 axb4 18. axb4 b6 {suite illisible} 1/2-1/2

[Event "FRA T II 20102011"]
[Site "FRA"]
[Date "2010.11.13"]
[Round "2.3"]
[White "Duverlie, Vincent"]
[Black "Heinz, Timothee"]
[Result "0-1"]
[WhiteElo "2099"]
[BlackElo "2280"]
[PlyCount "82"]
[EventDate "2010.11.13"]
[EventType "team-match"]
[EventRounds "9"]
[EventCountry "FRA"]
[Source "FFE"]
[SourceDate "2010.10.29"]
[BlackTeamCountry "FRA"]

1. c4 Nf6 2. Nf3 c5 3. g3 d5 4. cxd5 Nxd5 5. Bg2 Nc6 6. Qa4 Nb6 7. Qe4 g6 8.
O-O Bg7 9. d3 O-O 10. Nc3 Bf5 11. Qh4 f6 12. g4 Be6 13. Ne4 Nd4 14. Nxd4 cxd4
15. Bd2 Rc8 16. b3 Rc2 17. f4 Qc8 18. Bf3 Nd5 19. Rfc1 Qc7 20. Qe1 Rc8 21. Ng3
Ne3 22. Bxe3 dxe3 23. Rxc2 Qxc2 24. f5 gxf5 25. gxf5 Bd7 26. Bxb7 Rc7 27. Bd5+
Kf8 28. Qb4 Qc5 29. Qe4 Bh6 30. Bc4 Qe5 31. Qxe5 fxe5 32. Kg2 Be8 33. Kf3 Bc6+
34. Kg4 Ke8 35. b4 Ba4 36. Rf1 Bd7 37. Ne4 Bf4 38. h4 Rc6 39. Nc5 Rg6+ 40. Kf3
Bc6+ 41. Ne4 Rg3# 0-1

[Event "FRA T II 20102011"]
[Site "FRA"]
[Date "2010.11.13"]
[Round "2.4"]
[White "Klundt, Klaus"]
[Black "Alberts, Gerhard"]
[Result "1-0"]
[WhiteElo "2362"]
[BlackElo "2050"]
[PlyCount "59"]
[EventDate "2010.11.13"]
[EventType "team-match"]
[EventRounds "9"]
[EventCountry "FRA"]
[Source "FFE"]
[SourceDate "2010.10.29"]
[BlackTeamCountry "FRA"]

1. e4 e5 2. Nf3 Nf6 3. Nxe5 d6 4. Nf3 Nxe4 5. d4 d5 6. Bd3 Nc6 7. O-O Be7 8.
Re1 Bg4 9. c3 f5 10. Qb3 O-O 11. Nbd2 Na5 12. Qa4 Nc6 13. Qb3 Na5 14. Qc2 Nc6
15. b4 a6 16. a4 Bxf3 17. Nxf3 Bd6 18. Ba3 Kh8 19. b5 axb5 20. Bxd6 Nxd6 21.
axb5 Na7 22. Qb3 c6 23. bxc6 bxc6 24. Ne5 Qc7 25. Qa3 g6 26. f3 Kg7 27. Qc5
Rfc8 28. Ra6 Nb7 29. Qa3 Nd6 30. Rd1 1-0

[Event "FRA T II 20102011"]
[Site "FRA"]
[Date "2010.11.13"]
[Round "2.5"]
[White "Hertzog, Walter"]
[Black "Milosevic, Goran"]
[Result "0-1"]
[WhiteElo "1991"]
[BlackElo "2359"]
[PlyCount "92"]
[EventDate "2010.11.13"]
[EventType "team-match"]
[EventRounds "9"]
[EventCountry "FRA"]
[Source "FFE"]
[SourceDate "2010.10.29"]
[BlackTeamCountry "FRA"]

1. d4 Nf6 2. c4 e6 3. Nc3 Bb4 4. Qb3 c5 5. dxc5 Bxc5 6. e3 b6 7. Nf3 Bb7 8. Be2
O-O 9. O-O Nc6 10. a3 Rc8 11. Qa2 Bd6 12. b4 Bb8 13. Bb2 Ng4 14. Rad1 Nce5 15.
Nxe5 Nxe5 16. f4 Ng6 17. Rd2 Qe7 18. Rfd1 Rfd8 19. Qb3 Nh4 20. Bf1 Nf5 21. Re2
Qh4 22. Nb5 Qg4 23. Rf2 d5 24. Be2 Qg6 25. Nd4 dxc4 26. Bxc4 Nxe3 27. Qxe3 Rxc4
28. Rfd2 Rf8 29. Rf1 Be4 30. Nf3 Bd5 31. g3 Bxf4 32. Qd3 Bxd2 33. Qxd2 Qc2 34.
Be5 Bxf3 35. Qxc2 Rxc2 36. Rxf3 Rd8 37. Rf1 Rdd2 38. Ra1 Rg2+ 39. Kh1 Rxh2+ 40.
Kg1 Rhe2 41. Bb8 a6 42. a4 Rg2+ 43. Kh1 Rh2+ 44. Kg1 Rcg2+ 45. Kf1 Rh1+ 46.
Kxg2 Rxa1 0-1

[Event "FRA T II 20102011"]
[Site "FRA"]
[Date "2010.11.13"]
[Round "2.6"]
[White "Borni, Jean Bernard"]
[Black "Clottes, Jean Philippe"]
[Result "1/2-1/2"]
[WhiteElo "2036"]
[BlackElo "1970"]
[PlyCount "45"]
[EventDate "2010.11.13"]
[EventType "team-match"]
[EventRounds "9"]
[EventCountry "FRA"]
[Source "FFE"]
[SourceDate "2010.10.29"]
[BlackTeamCountry "FRA"]

1. d4 Nf6 2. Nf3 e6 3. c4 d5 4. g3 Be7 5. Bg2 c6 6. O-O O-O 7. Nc3 Nbd7 8. b3
b6 9. Bb2 Bb7 10. Qd3 c5 11. cxd5 Nxd5 12. Nxd5 Bxd5 13. e4 Bb7 14. Rad1 Nf6
15. Ne5 cxd4 16. Bxd4 Rc8 17. Qe2 Qc7 18. Bb2 Rfd8 19. Rxd8+ Qxd8 20. Rd1 Qe8
21. h3 Rd8 22. Rc1 Rc8 23. Rd1 1/2-1/2

[Event "FRA T II 20102011"]
[Site "FRA"]
[Date "2010.11.13"]
[Round "2.7"]
[White "Lingelser, Alain"]
[Black "Bureau, Frederic"]
[Result "0-1"]
[WhiteElo "1920"]
[BlackElo "2024"]
[PlyCount "78"]
[EventDate "2010.11.13"]
[EventType "team-match"]
[EventRounds "9"]
[EventCountry "FRA"]
[Source "FFE"]
[SourceDate "2010.10.29"]
[BlackTeamCountry "FRA"]

1. e4 c6 2. d4 g6 3. Nf3 d5 4. e5 Bg7 5. Bd3 Nh6 6. Bf4 f6 7. Qd2 Nf7 8. Nc3
O-O 9. h3 b5 10. Ne2 Qb6 11. c3 fxe5 12. Nxe5 Nxe5 13. Bxe5 Bxe5 14. dxe5 Qxf2+
15. Kd1 Bf5 16. Kc2 Nd7 17. Nf4 Qxd2+ 18. Kxd2 Nxe5 19. Rhe1 Nxd3 20. Nxd3 Bxd3
21. Kxd3 Rae8 22. a4 a6 23. Kd4 Rf4+ 24. Kc5 Rc4+ 25. Kb6 Kf7 26. a5 b4 27. Ra4
Rb8+ 28. Kxa6 e6 29. Ka7 Rb5 30. Re3 Ke7 31. cxb4 Rcxb4 32. Rxb4 Rxb4 33. b3 c5
34. a6 d4 35. Rf3 e5 36. g4 e4 37. Rf4 d3 38. g5 d2 39. Rf1 e3 0-1

[Event "FRA T II 20102011"]
[Site "FRA"]
[Date "2010.11.13"]
[Round "2.8"]
[White "Thomas, Anysia"]
[Black "Haller, Noemie"]
[Result "1-0"]
[WhiteElo "1660"]
[BlackElo "1672"]
[PlyCount "81"]
[EventDate "2010.11.13"]
[EventType "team-match"]
[EventRounds "9"]
[EventCountry "FRA"]
[Source "FFE"]
[SourceDate "2010.10.29"]
[BlackTeamCountry "FRA"]

1. d4 Nf6 2. c4 g6 3. Nc3 Bg7 4. Bg5 d6 5. Nf3 O-O 6. e3 Nc6 7. Be2 e5 8. d5
Ne7 9. Qc2 h6 10. Bh4 Nf5 11. O-O-O Nxh4 12. Nxh4 Nxd5 13. Nxd5 Qxh4 14. Nxc7
Bf5 15. Qd2 Rac8 16. Nd5 Rc6 17. g3 Qd8 18. g4 Be6 19. h4 b5 20. Nb4 Rb6 21. c5
Qc7 22. Kb1 dxc5 23. Nd5 Bxd5 24. Qxd5 Qc6 25. Qxc6 Rxc6 26. Bxb5 Rb6 27. Bc4
Rfb8 28. b3 a5 29. Rd7 Rb4 30. Bxf7+ Kh7 31. g5 a4 32. gxh6 Kxh6 33. h5 g5 34.
Kc2 axb3+ 35. axb3 Ra8 36. Rd6+ Kh7 37. h6 Bh8 38. f3 Ra2+ 39. Kd3 g4 40. Bg6+
Kg8 41. Rd8# 1-0

[Event "FRA T II 20102011"]
[Site "FRA"]
[Date "2010.11.13"]
[Round "2.1"]
[White "Rusev, Krasimir"]
[Black "Maier, Christian"]
[Result "1-0"]
[WhiteElo "2530"]
[BlackElo "2369"]
[PlyCount "81"]
[EventDate "2010.11.13"]
[EventType "team-match"]
[EventRounds "9"]
[EventCountry "FRA"]
[Source "FFE"]
[SourceDate "2010.10.29"]
[BlackTeamCountry "FRA"]

1. d4 Nf6 2. c4 g6 3. Nc3 Bg7 4. e4 d6 5. Nf3 O-O 6. h3 c5 7. d5 e6 8. Bg5 exd5
9. cxd5 h6 10. Be3 Re8 11. Bd3 a6 12. a4 Nbd7 13. O-O g5 14. Nd2 Ne5 15. Be2
Ng6 16. Re1 Rb8 17. a5 Nd7 18. Nc4 Nf6 19. Qc2 g4 20. hxg4 Nxg4 21. Bxg4 Bxg4
22. Qd2 Kh7 23. Bf4 Ne5 24. Nxe5 Bxe5 25. Bxe5 dxe5 26. Na4 Rg8 27. Ra3 Qh4 28.
g3 Qh3 29. Qd3 Rg5 30. Qf1 Qh5 31. Ree3 Bd7 32. Nxc5 Bb5 33. Nd3 Rc8 34. Rc3
Rxc3 35. bxc3 f5 36. exf5 Rxf5 37. Qb1 Kh8 38. Ne1 Qh3 39. Ng2 Rh5 40. Nh4 e4
41. Rxe4 1-0

[Event "FRA T II 20102011"]
[Site "FRA"]
[Date "2010.11.13"]
[Round "2.2"]
[White "Vinke, Andreas"]
[Black "Hassler, Franck"]
[Result "1/2-1/2"]
[WhiteElo "2216"]
[BlackElo "2181"]
[PlyCount "31"]
[EventDate "2010.11.13"]
[EventType "team-match"]
[EventRounds "9"]
[EventCountry "FRA"]
[Source "FFE"]
[SourceDate "2010.10.29"]
[BlackTeamCountry "FRA"]

1. c4 e5 2. g3 g6 3. Bg2 Bg7 4. Nc3 d6 5. Nf3 f5 6. d3 Nf6 7. O-O c5 8. Rb1 Nc6
9. a3 O-O 10. b4 Qc7 11. Bg5 Be6 12. bxc5 dxc5 13. Bxf6 Bxf6 14. Nd5 Bxd5 15.
cxd5 Nd8 16. Qb3 {suite illisible} 1/2-1/2

[Event "FRA T II 20102011"]
[Site "FRA"]
[Date "2010.11.13"]
[Round "2.4"]
[White "Rocher, Olivier"]
[Black "Muheim, Sebastien"]
[Result "1-0"]
[WhiteElo "2155"]
[BlackElo "2116"]
[PlyCount "70"]
[EventDate "2010.11.13"]
[EventType "team-match"]
[EventRounds "9"]
[EventCountry "FRA"]
[Source "FFE"]
[SourceDate "2010.10.29"]
[BlackTeamCountry "FRA"]

1. e4 c5 2. Nf3 d6 3. Bb5+ Nd7 4. c4 Ngf6 5. Nc3 g6 6. O-O Bg7 7. h3 O-O 8.
Bxd7 Bxd7 9. d3 e5 10. Be3 Nh5 11. Nd5 Be6 12. Qd2 f5 13. Bg5 Qd7 14. Nh2 f4
15. f3 Ng3 16. Rfb1 h6 17. Bh4 g5 18. Bxg3 fxg3 19. Nf1 Bxh3 20. Nxg3 Be6 21.
Rf1 Rab8 22. Nh5 Rf7 23. Ne3 Rbf8 24. Qe2 b5 25. b3 Rf4 26. g4 Bf7 27. Ng3 h5
28. gxh5 Qh3 29. Qg2 Be6 30. cxb5 Qh4 31. Nef5 Bxf5 32. Nxf5 Qxh5 33. Qh2 Rh4
34. Nxh4 gxh4 35. Qh3 Rf4 {suite illisible} 1-0

[Event "FRA T II 20102011"]
[Site "FRA"]
[Date "2010.11.13"]
[Round "2.5"]
[White "Viennot, Dylan"]
[Black "Pozuelo, Jose"]
[Result "1/2-1/2"]
[WhiteElo "2032"]
[BlackElo "2067"]
[PlyCount "103"]
[EventDate "2010.11.13"]
[EventType "team-match"]
[EventRounds "9"]
[EventCountry "FRA"]
[Source "FFE"]
[SourceDate "2010.10.29"]
[BlackTeamCountry "FRA"]

1. e4 c6 2. d4 d5 3. Nc3 dxe4 4. Nxe4 Nf6 5. Nxf6+ exf6 6. Nf3 Bd6 7. Be3 Bg4
8. Be2 Nd7 9. O-O O-O 10. c4 Qe7 11. h3 Bh5 12. c5 Bc7 13. Re1 Rfd8 14. Qb3 Ba5
15. Nh4 Bxe2 16. Rxe2 Qe4 17. Nf3 b5 18. Qa3 Bc7 19. Rae1 Qd5 20. Qa6 Nf8 21.
a4 bxa4 22. Qxa4 Ne6 23. Qc2 Rab8 24. Ra1 a5 25. Ra4 Rb5 26. Nd2 Rdb8 27. Nb1
Rb4 28. Nc3 Qc4 29. Rxb4 Rxb4 30. Rd2 a4 31. Ne2 Qxc2 32. Rxc2 f5 33. g3 g5 34.
Bd2 Rb3 35. Bc3 f4 36. Kg2 Kf8 37. Kf3 fxg3 38. fxg3 a3 39. bxa3 Rxa3 40. Ke4
Ke7 41. Kf5 f6 42. Ke4 h5 43. g4 h4 44. Kf5 Kf7 45. Rb2 Ng7+ 46. Ke4 Ke6 47.
Rb7 Ne8 48. Rb1 Ra2 49. Rb2 Ra3 50. Rb1 Ra4 51. Rb4 Ra3 52. Rb1 1/2-1/2

[Event "FRA T II 20102011"]
[Site "FRA"]
[Date "2010.11.13"]
[Round "2.6"]
[White "Boullu, Thomas"]
[Black "Neuhauser, Salome"]
[Result "0-1"]
[WhiteElo "1971"]
[BlackElo "2068"]
[PlyCount "62"]
[EventDate "2010.11.13"]
[EventType "team-match"]
[EventRounds "9"]
[EventCountry "FRA"]
[Source "FFE"]
[SourceDate "2010.10.29"]
[BlackTeamCountry "FRA"]

1. e4 c5 2. Nc3 Nc6 3. g3 g6 4. Bg2 Bg7 5. d3 d6 6. f4 e6 7. Nf3 Nge7 8. Be3
Rb8 9. O-O O-O 10. a4 b6 11. d4 d5 12. exd5 Nf5 13. Bf2 Ncxd4 14. Re1 Bb7 15.
dxe6 Nxe6 16. Ne5 Bxg2 17. Kxg2 Qc7 18. Nd5 Qb7 19. c4 Rfd8 20. Qf3 Ned4 21.
Bxd4 Nxd4 22. Qf2 a6 23. Ng4 Rxd5 24. cxd5 Qxd5+ 25. Kh3 Qh5+ 26. Kg2 Qxg4 27.
Re7 Rd8 28. Rae1 Qc8 29. Qe3 Nc2 30. Re8+ Bf8 31. Qe7 Nxe1+ 0-1

[Event "FRA T II 20102011"]
[Site "FRA"]
[Date "2010.11.13"]
[Round "2.8"]
[White "Roos, Louise"]
[Black "Scherrer, Gilles"]
[Result "0-1"]
[WhiteElo "1885"]
[BlackElo "1720"]
[PlyCount "76"]
[EventDate "2010.11.13"]
[EventType "team-match"]
[EventRounds "9"]
[EventCountry "FRA"]
[Source "FFE"]
[SourceDate "2010.10.29"]
[BlackTeamCountry "FRA"]

1. e4 e6 2. d4 d5 3. Nd2 Nf6 4. e5 Nfd7 5. Bd3 c5 6. c3 Nc6 7. Ne2 cxd4 8. cxd4
f6 9. exf6 Nxf6 10. Nf3 Bd6 11. O-O O-O 12. a3 e5 13. dxe5 Nxe5 14. Nc3 Nxf3+
15. Qxf3 Bg4 16. Bxh7+ Kxh7 17. Qd3+ Kg8 18. Bg5 Be6 19. Rad1 Bxh2+ 20. Kh1 Be5
21. Rfe1 Bxc3 22. Qxc3 Bf7 23. Qd4 Re8 24. Rxe8+ Bxe8 25. Rd3 Bc6 26. Rf3 Kf7
27. Bxf6 gxf6 28. Rh3 Qg8 29. Rh6 Qg5 30. Rh7+ Ke6 31. Qd3 Rg8 32. Qh3+ Kd6 33.
Qh2+ Qe5 34. Qh4 d4 35. f3 Re8 36. Qh6 d3 37. b4 Rg8 38. Rf7 Qe1+ 0-1